• 首页
  • 本馆介绍
  • 公告通知
  • 最新文献
  • 馆藏检索
  • 电子资源
  • 读者导购
  • 参考咨询
  • 我的图书馆
  • 登录
  • 详细信息显示
  • 放入我的书架
  • 预约/预借图书
  • 作者相关作品
  • 分类相关作品
  • 丛书相关作品
  • 出版社相关作品

书目信息

  • 表格格式
  • 工作单格式
  • 卡片格式
题名:
统计物理学
    
 
作者: 朗道 著 ;杨训恺 译
分册:  
出版信息: 北京   人民教育出版社  1964.7
页数: 609页
开本: 19cm
丛书名:
单 册:
中图分类: O414.2
科图分类:
主题词: 理论物理学
电子资源:
ISBN:
000 00531nam0 2200193 45
001 0312221749
005 20060816164905.70
010    @dCNY1.44
100    @a20031222d1964 km y0chiy0120 ea
101    @achi
200 1  @a统计物理学@ATong Ji Wu Li Xue@fЛ·Д·朗道等著@FЛ·Д·Lang Dao DengZhu@g杨训恺译
210    @a北京@c人民教育出版社@d1964.7
215    @a609页@d19cm
606 0  @a理论物理学
690    @aO414.2@v3
701 0  @a朗道@4著
702  0 @a杨训恺@AYang Xun Kai@4译
801    @aCN@bTSTCL@c20060816
905    @dO414.2@e11
    
    统计物理学/Л·Д·朗道等著/杨训恺译.-北京:人民教育出版社,1964.7
    609页;19cm
    
    
    ISBN :CNY1.44
    
●
相关链接 在E读中查询图书 在五车中查询图书 在当当中查询图书 在豆瓣中查询图书


正题名:统计物理学     索取号:O414.2/11         预约/预借

序号 登录号 条形码 馆藏地/架位号 状态 备注
1 0018610   202247318   密集书库/ [索取号:O414.2/11] 在馆    
2 0018614   202247112   密集书库/ [索取号:O414.2/11] 在馆    
3 0094954   001053852   第三借阅区/ [索取号:O414.2/11] 在馆    
4 0094955   202247274   密集书库/ [索取号:O414.2/11] 在馆    
5 0094956   001959410   第二样本阅览室/ [索取号:O414.2/11] 在馆    
6 0094957   202247425   密集书库/ [索取号:O414.2/11] 在馆    
7 0432188   204321885   密集书库/ [索取号:O414.2/11] 在馆    
8 0434180   204341809   密集书库/ [索取号:O414.2/11] 在馆    
9 0461848   204618486   密集书库/ [索取号:O414.2/11] 在馆    
10 0461980   204619804   密集书库/ [索取号:O414.2/11] 在馆    
唐山师范学院图书馆 欢迎您!
大连网信软件有限公司© 版权所有